00641 2200193 4500001002100000005001500021035002000036007000300056008003900059082001600098084002200114100001400136245014900150260005300299300004100352650001100393650003000404022001300434INLIS00000000000120020250212082743 a0010-0225000038ta250212 | | |  a632.3-635.2 a632.3-635.2 HAF e0 aHafsah, S1 aEstimation of genetic parameters of resistance to Anthracnose disease in several genotypes of ornamental Chili (Capsicum annuum L.) /cHafsah, S aUnited Kingdom, Bristol :bIOP Publishing,c2024 a1-11 hlm, :bIlus ;c21 cm x 29,7 cm 4aJurnal 4aPenyakit Antraknosa Cabai a17551315